000 00493nam a2200169 i 4500
001 50130
003 ES-MaACL
005 20230906162129.0
007 t|
008 030731s1932 fr ||||1| fre d
100 1 _aCroiset, Maurice.
_941670
245 1 3 _aLa civilisation de la Grèce antique /
_cMaurice Croiset.
260 _aParis :
_bPayot,
_c1932 (
_eDijon :
_fDarantiére)
300 _a349 p., 2 map. ;
_c23 cm.
650 4 _aCivilización griega.
_9137206
852 _aES-MaACL
_jA-1041
999 _c50130
_d50130